Enseñando física: una guía para el no especialista

保存先:
書誌詳細
主要な著者: Osborne, Jonathan (autor), Freeman, John (著者)
フォーマット: 図書
言語:スペイン語
出版事項: Madrid Akal 1996
版:1a. ed
シリーズ:Biblioteca de Recursos Didácticos, 1
主題:
タグ: タグ追加
タグなし, このレコードへの初めてのタグを付けませんか!

MARC

LEADER 00000nam a2200000 a 4500
001 UCJ1067
003 CL-VaPUC
008 060929e19960000SP |||||||||||||||||spa|d
020 |a 8446005859 
082 0 4 |a 530.071  |b OSB  |2 21 
100 |a Osborne, Jonathan  |e autor  |9 501593 
700 0 |a Freeman, John  |e author  |9 501594 
245 1 0 |a Enseñando física: una guía para el no especialista 
250 |a 1a. ed 
300 |a 181 p 
942 |c BK 
945 |d 20060929 00:00:00  |a cmena 
260 |a Madrid  |b Akal  |c 1996 
650 0 |a Educación científica   |9 307484 
650 0 |a enseñanza de la física   |9 339846 
650 0 |a Métodos de enseñanza  |9 270413 
583 |a last modification  |c 20060929 00:00:00  |k Rodrigo Vera 
490 0 |a Biblioteca de Recursos Didácticos, 1 
999 |c 317785  |d 317783 
952 |0 0  |1 0  |4 0  |6 530_071000000000000_OSB_1996  |7 0  |8 A  |9 394704  |a BIBCUR  |b BIBCUR  |d 2019-11-22  |i 4235126  |o 530.071 OSB 1996  |p 4235126  |r 2025-04-22  |w 2019-11-22  |y BK  |k FIS 
952 |0 0  |1 0  |4 0  |6 530_071000000000000_OSB_1996  |7 0  |8 A  |9 394705  |a BIBCUR  |b BIBCUR  |d 2019-11-22  |i 4235134  |o 530.071 OSB 1996  |p 4235134  |r 2025-04-22  |w 2019-11-22  |y BK  |k FIS 
952 |0 0  |1 0  |4 0  |6 530_071000000000000_OSB_1996  |7 0  |8 A  |9 394706  |a BIBCUR  |b BIBCUR  |d 2019-11-22  |i 4235142  |o 530.071 OSB 1996  |p 4235142  |r 2025-04-22  |w 2019-11-22  |y BK  |k FIS 
952 |0 0  |1 0  |4 0  |6 530_071000000000000_OSB_1996  |7 0  |8 A  |9 394707  |a BIBCUR  |b BIBCUR  |d 2019-11-22  |i 4235150  |o 530.071 OSB 1996  |p 4235150  |r 2025-04-22  |w 2019-11-22  |y BK  |k FIS